Aquaculture Resurgence : (Record no. 13962)

MARC details
000 -LEADER
fixed length control field 00602nam a22002057a 4500
003 - CONTROL NUMBER IDENTIFIER
control field BD-DhSAU
005 - DATE AND TIME OF LATEST TRANSACTION
control field 20231004130711.0
008 - FIXED-LENGTH DATA ELEMENTS--GENERAL INFORMATION
fixed length control field 170521b2009 ii a|||| |||| 00| 0 eng d
020 ## - INTERNATIONAL STANDARD BOOK NUMBER
International Standard Book Number 9788170355700
040 ## - CATALOGING SOURCE
Original cataloging agency BD-DhSAU
082 ## - DEWEY DECIMAL CLASSIFICATION NUMBER
Edition number 22
Classification number 338.37130954
Item number Aq31
245 ## - TITLE STATEMENT
Title Aquaculture Resurgence :
Remainder of title Birth of Blue Revolution /
Statement of responsibility, etc. Edited by A.B. Chaudhuri
260 ## - PUBLICATION, DISTRIBUTION, ETC. (IMPRINT)
Place of publication, distribution, etc. New Delhi :
Name of publisher, distributor, etc. Daya Publishing House
Date of publication, distribution, etc. c2009
300 ## - PHYSICAL DESCRIPTION
Extent xviii, 285p. :
Other physical details ill. ;
Dimensions 22cm.
504 ## - BIBLIOGRAPHY, ETC. NOTE
Bibliography, etc Include index
590 ## - Name of Cataloguer
Name of Cataloger kobir
650 ## - SUBJECT ADDED ENTRY--TOPICAL TERM
Topical term or geographic name as entry element Agricultural Resurgence
700 ## - ADDED ENTRY--PERSONAL NAME
Personal name Chaudhuri, A.B.
942 ## - ADDED ENTRY ELEMENTS (KOHA)
Source of classification or shelving scheme Dewey Decimal Classification
Koha item type Book
Holdings
Withdrawn status Lost status Source of classification or shelving scheme Damaged status Not for loan Collection code Home library Branch Name Shelving location Date acquired Cost, normal purchase price Total Checkouts Full call number Barcode Date last seen Price effective from Koha item type Public note
    Dewey Decimal Classification   Not For Loan Reference SAU Library SAU Library General Stacks 21/06/2023 1813.00   338.37130954 Aq31 44843 04/10/2023 04/10/2023 Book Purchase